[Event "Black Sea Countries"]
[Site "Burgas BUL"]
[Date "2012.09.18"]
[Round "9"]
[White "Malakhov, V."]
[Black "Areshchenko, A."]
[Result "1/2-1/2"]
[WhiteElo "2700"]
[BlackElo "2702"]
[PlyCount "72"]
[EventDate "2012.09.12"]

1. d4 Nf6 2. c4 g6 3. Nc3 d5 4. cxd5 Nxd5 5. e4 Nxc3 6. bxc3 Bg7 7. Nf3 c5 8.
Be3 Qa5 9. Qd2 Nc6 10. Rb1 a6 11. Rc1 cxd4 12. cxd4 Qxd2+ 13. Kxd2 f5 14. e5
Be6 15. Bc4 Bxc4 16. Rxc4 O-O 17. g3 Rad8 18. Rb1 Rd7 19. Rc5 Rfd8 20. Ke2 e6
21. Ng5 Re7 22. Nxe6 Rxe6 23. d5 Rxe5 24. dxc6 Rxc5 25. Bxc5 bxc6 26. Rb6 a5
27. Rxc6 Bd4 28. Rc7 h5 29. a4 Rd5 30. Ba3 Re5+ 31. Kf1 Re4 32. Rc8+ Kf7 33.
Rc7+ Ke6 34. Rc6+ Kf7 35. Rc7+ Ke6 36. Rc6+ Kf7 1/2-1/2

[Event "Black Sea Countries"]
[Site "Burgas BUL"]
[Date "2012.09.18"]
[Round "9"]
[White "Cheparinov, I."]
[Black "Nisipeanu, LD."]
[Result "1/2-1/2"]
[WhiteElo "2689"]
[BlackElo "2648"]
[PlyCount "83"]
[EventDate "2012.09.12"]

1. d4 Nf6 2. c4 e6 3. Nf3 Bb4+ 4. Bd2 Bxd2+ 5. Qxd2 O-O 6. g3 d5 7. Bg2 Nbd7 8.
O-O dxc4 9. Na3 e5 10. dxe5 Nxe5 11. Qc3 Nxf3+ 12. Bxf3 c6 13. Nxc4 Qe7 14.
Rfd1 Bg4 15. Bxg4 Nxg4 16. f3 Nf6 17. e4 Rfd8 18. Qe5 Qb4 19. Qa5 Qe7 20. Qe5
Qb4 21. b3 Ne8 22. Rac1 h6 23. Qa5 Qe7 24. Kg2 Nc7 25. Qe5 Qxe5 26. Nxe5 Ne6
27. Kf2 Kf8 28. Ke3 Ke7 29. Nc4 Rxd1 30. Rxd1 Rd8 31. Rxd8 Nxd8 32. b4 b6 33.
f4 f6 34. h4 h5 35. Kd3 Nf7 36. Ne3 g6 37. a4 Nd6 38. f5 gxf5 39. exf5 Kf7 40.
Kd4 Ke7 41. Kd3 Kf7 42. Kd4 1/2-1/2

[Event "Black Sea Countries"]
[Site "Burgas BUL"]
[Date "2012.09.18"]
[Round "9"]
[White "Atalik, S."]
[Black "Jobava, Ba"]
[Result "1/2-1/2"]
[WhiteElo "2603"]
[BlackElo "2734"]
[PlyCount "105"]
[EventDate "2012.09.12"]

1. d4 Nf6 2. c4 e6 3. Nc3 Bb4 4. e3 c5 5. Bd3 d5 6. cxd5 Nxd5 7. Nge2 cxd4 8.
exd4 Nc6 9. O-O O-O 10. Be4 Bd6 11. Bxd5 exd5 12. Bf4 Bg4 13. f3 Be6 14. Bxd6
Qxd6 15. Qd2 f6 16. Nb5 Qd7 17. Rac1 Rac8 18. Ng3 Ne7 19. Na3 Qd6 20. Rfe1 Bd7
21. Nc2 Nc6 22. Re2 Nb4 23. Nxb4 Rxc1+ 24. Qxc1 Qxb4 25. Qc5 Qxc5 26. dxc5 Kf7
27. Rd2 Rc8 28. b4 b6 29. Rxd5 Ke7 30. Ne4 Be6 31. Rd3 f5 32. Nd6 Rc6 33. Rc3
a5 34. a3 axb4 35. axb4 bxc5 36. bxc5 Ra6 37. Rc2 Kd7 38. Nb5 Kc6 39. Nd4+ Kd5
40. Nxe6 Rxe6 41. Kf2 f4 42. h4 Rh6 43. g3 Kc6 44. Rc4 fxg3+ 45. Kxg3 Rh5 46.
Ra4 g5 47. Rg4 gxh4+ 48. Rxh4 Rxh4 49. Kxh4 Kxc5 50. Kg5 Kd6 51. Kf6 h5 52. Kg5
Ke6 53. f4 1/2-1/2

[Event "Black Sea Countries"]
[Site "Burgas BUL"]
[Date "2012.09.19"]
[Round "10"]
[White "Areshchenko, A."]
[Black "Atalik, S."]
[Result "1/2-1/2"]
[WhiteElo "2702"]
[BlackElo "2603"]
[PlyCount "114"]
[EventDate "2012.09.12"]

1. e4 e5 2. Nf3 Nc6 3. Bb5 a6 4. Ba4 d6 5. c3 Bd7 6. O-O g6 7. d4 Bg7 8. Be3
Nf6 9. Nbd2 O-O 10. Re1 Ng4 11. Bg5 f6 12. Bh4 g5 13. Bg3 Nh6 14. Nf1 exd4 15.
Nxd4 Nxd4 16. Qxd4 f5 17. Qd5+ Kh8 18. Bxd7 Qxd7 19. exf5 Nxf5 20. Re2 Qb5 21.
Qd2 Rae8 22. Rae1 Rxe2 23. Rxe2 g4 24. Re4 h5 25. Bf4 Kg8 26. Bg5 d5 27. Re2 d4
28. cxd4 Nxd4 29. Re7 Rf7 30. Re4 Rd7 31. Re8+ Kh7 32. Qe3 Nf5 33. Qe1 Nd6 34.
Re7 Rxe7 35. Qxe7 Qxb2 36. Qxc7 Ne4 37. Be3 Nc3 38. h3 Ne2+ 39. Kh2 Qe5+ 40.
Qxe5 Bxe5+ 41. g3 Nc3 42. a3 b5 43. hxg4 hxg4 44. Bc1 Nd1 45. Kg2 Kg6 46. f3
Kf5 47. fxg4+ Kxg4 48. Nh2+ Kf5 49. Kf3 Bb2 50. Bxb2 Nxb2 51. Ng4 Nc4 52. Ne3+
Nxe3 53. Kxe3 a5 54. Kd4 b4 55. axb4 axb4 56. Kc4 Kg4 57. Kxb4 Kxg3 1/2-1/2

[Event "Black Sea Countries"]
[Site "Burgas BUL"]
[Date "2012.09.19"]
[Round "10"]
[White "Jobava, Ba"]
[Black "Cheparinov, I."]
[Result "1/2-1/2"]
[WhiteElo "2734"]
[BlackElo "2689"]
[PlyCount "91"]
[EventDate "2012.09.12"]

1. d4 Nf6 2. c4 g6 3. Nc3 d5 4. Bg5 Bg7 5. Bxf6 Bxf6 6. cxd5 c6 7. Rc1 O-O 8.
dxc6 Bxd4 9. c7 Bxc3+ 10. Rxc3 Qxd1+ 11. Kxd1 Nc6 12. e4 Bd7 13. Nf3 Rfc8 14.
Kd2 Rxc7 15. Bb5 f6 16. Rhc1 e5 17. Ne1 Be8 18. Nd3 Rd8 19. Ke3 Rd6 20. Nb4
Nxb4 21. Bxe8 Rxc3+ 22. Rxc3 Nxa2 23. Rc7 Kf8 24. Bf7 Nb4 25. Rxb7 Rd3+ 26. Ke2
Rd4 27. Ke3 Rd3+ 28. Ke2 Rd4 29. Kf3 Rd3+ 30. Kg4 Rd4 31. Kg3 Rxe4 32. b3 f5
33. Bc4 Rg4+ 34. Kh3 a5 35. g3 Rd4 36. Rf7+ Ke8 37. Rxh7 Rd2 38. f3 Nd3 39.
Bf7+ Ke7 40. Bxg6+ Kf6 41. Bh5 Kg5 42. Be8 Nf2+ 43. Kg2 Ng4+ 44. Kg1 Rd1+ 45.
Kg2 Rd2+ 46. Kg1 1/2-1/2

[Event "Black Sea Countries"]
[Site "Burgas BUL"]
[Date "2012.09.19"]
[Round "10"]
[White "Nisipeanu, LD."]
[Black "Malakhov, V."]
[Result "1-0"]
[WhiteElo "2648"]
[BlackElo "2700"]
[PlyCount "93"]
[EventDate "2012.09.12"]

1. d4 d5 2. c4 c6 3. Nf3 Nf6 4. e3 Bf5 5. Nc3 e6 6. Nh4 Bg6 7. Nxg6 hxg6 8. Rb1
Nbd7 9. c5 e5 10. b4 a6 11. g3 Be7 12. Bg2 e4 13. f3 exf3 14. Bxf3 Nf8 15. e4
dxe4 16. Nxe4 Nd5 17. Qb3 Ne6 18. Bb2 Qd7 19. O-O Rd8 20. Rbd1 O-O 21. Nd2 Bf6
22. Nc4 Ng5 23. Bg2 Nh3+ 24. Kh1 Rfe8 25. Ne5 Bxe5 26. dxe5 Ng5 27. h4 Ne6 28.
Bh3 Rf8 29. Kh2 Qe7 30. Bg4 a5 31. a3 axb4 32. axb4 b6 33. cxb6 Nxb6 34. b5 Nc5
35. Ba3 Rxd1 36. Rxd1 Ra8 37. bxc6 Qxe5 38. Qxb6 Rxa3 39. Rd8+ Kh7 40. Qb8 Qxb8
41. Rxb8 Ra7 42. Bf3 Ne6 43. Bd5 Nd4 44. Rb7 Ra5 45. c7 Rc5 46. Bxf7 Nf5 47.
Bg8+ 1-0

[Event "1st FIDE GP London 2012"]
[Site "London ENG"]
[Date "2012.09.21"]
[Round "1"]
[White "Kasimdzhanov, Rustam"]
[Black "Leko, Peter"]
[Result "1/2-1/2"]
[WhiteElo "2684"]
[BlackElo "2737"]
[PlyCount "67"]
[EventDate "2012.09.21"]

1. e4 e5 2. Nf3 Nc6 3. Bb5 Nf6 4. O-O Nxe4 5. Re1 Nd6 6. Nxe5 Be7 7. Bf1 Nxe5
8. Rxe5 O-O 9. d4 Bf6 10. Re1 Re8 11. Bf4 Rxe1 12. Qxe1 Ne8 13. Nc3 Bxd4 14.
Nd5 c6 15. Ne7+ Kf8 16. Nxc8 Qf6 17. Qb4+ c5 18. Qd2 Rxc8 19. c3 Be5 20. Bxe5
Qxe5 21. Qxd7 Qc7 22. Rd1 Qxd7 23. Rxd7 Rc7 24. Rxc7 Nxc7 25. Bd3 h6 26. f4 Ne8
27. Kf2 Nd6 28. Ke3 Ke7 29. g3 b6 30. Be2 Ke6 31. Bg4+ Ke7 32. Be2 Ke6 33. Bg4+
Ke7 34. Be2 1/2-1/2

[Event "1st FIDE GP London 2012"]
[Site "London ENG"]
[Date "2012.09.21"]
[Round "1"]
[White "Topalov, Veselin"]
[Black "Grischuk, Alexander"]
[Result "1/2-1/2"]
[WhiteElo "2752"]
[BlackElo "2754"]
[PlyCount "86"]
[EventDate "2012.09.21"]

1. Nf3 Nf6 2. c4 c5 3. Nc3 Nc6 4. g3 g6 5. d4 cxd4 6. Nxd4 d6 7. Bg2 Bd7 8. Nc2
Bg7 9. b3 a6 10. Bb2 O-O 11. O-O Qa5 12. Nd5 Nxd5 13. Bxg7 Nc3 14. Bxc3 Qxc3
15. Ne3 Be6 16. Rc1 Qa5 17. Qc2 Rfc8 18. Qb2 Rab8 19. Rfd1 Qe5 20. Qd2 a5 21.
Nd5 Bxd5 22. cxd5 Nb4 23. f4 Qf6 24. Bh3 Rxc1 25. Rxc1 Na6 26. e4 b6 27. e5
dxe5 28. Rc6 Qg7 29. d6 exd6 30. Qxd6 exf4 31. Bf1 fxg3 32. hxg3 Qa1 33. Qf4
Rf8 34. Rc1 Qxa2 35. Bxa6 Qxb3 36. Bc4 Qb4 37. Rf1 Qe7 38. Kh2 a4 39. Rf2 a3
40. Re2 Qc5 41. Rf2 Qe7 42. Re2 Qc5 43. Rf2 Qe7 1/2-1/2

[Event "1st FIDE GP London 2012"]
[Site "London ENG"]
[Date "2012.09.21"]
[Round "1"]
[White "Dominguez Perez, Leinier"]
[Black "Giri, Anish"]
[Result "1/2-1/2"]
[WhiteElo "2725"]
[BlackElo "2730"]
[PlyCount "118"]
[EventDate "2012.09.21"]

1. e4 e5 2. Nf3 Nf6 3. Nxe5 d6 4. Nf3 Nxe4 5. Nc3 Nxc3 6. dxc3 Be7 7. Be3 Nc6
8. Qd2 Be6 9. O-O-O Qd7 10. Kb1 Bf6 11. Bg5 Bxg5 12. Nxg5 O-O-O 13. Nxe6 Qxe6
14. Bb5 Rde8 15. c4 Qf5 16. Rhe1 g6 17. Bxc6 bxc6 18. b3 Kb7 19. f3 h5 20. Qb4+
Kc8 21. Qc3 Qg5 22. g3 h4 23. Re4 hxg3 24. hxg3 Qxg3 25. Qf6 Kb7 26. c5 dxc5
27. Qxf7 Ref8 28. Qd7 Qxf3 29. Re7 Rc8 30. Rf7 Qc3 31. Qe6 Rcd8 32. Rc1 Qg3 33.
Rg7 g5 34. Qg6 Rd5 35. Rf7 Rhd8 36. Rff1 Rd2 37. Qf5 R8d5 38. Qe4 Qg2 39. Qg6
Qg4 40. Rg1 Qf5 41. Qxf5 Rxf5 42. Rg3 Kb6 43. Kb2 Kb5 44. Rcg1 Rff2 45. Rc3 Rg2
46. Rf1 Rdf2 47. Re1 Re2 48. Rf1 Rgf2 49. Rg1 Re5 50. Rcg3 Rff5 51. Rg4 Kb6 52.
R1g2 Kb7 53. c4 a5 54. Ka3 Kc8 55. Ka4 Kb7 56. R4g3 Kb6 57. Rg4 Kb7 58. R4g3
Kb6 59. Rg4 Kb7 1/2-1/2

[Event "1st FIDE GP London 2012"]
[Site "London ENG"]
[Date "2012.09.21"]
[Round "1"]
[White "Mamedyarov, Shakhriyar"]
[Black "Ivanchuk, Vassily"]
[Result "1/2-1/2"]
[WhiteElo "2729"]
[BlackElo "2769"]
[PlyCount "220"]
[EventDate "2012.09.21"]

1. d4 Nf6 2. c4 e6 3. Nc3 Bb4 4. Qc2 O-O 5. a3 Bxc3+ 6. Qxc3 d5 7. Nf3 dxc4 8.
Qxc4 b6 9. Bg5 Ba6 10. Qa4 Bb7 11. e3 Nbd7 12. Ba6 Bxa6 13. Qxa6 c5 14. Rc1
cxd4 15. exd4 h6 16. Bh4 b5 17. Bxf6 Nxf6 18. Qxb5 Rb8 19. Qa6 Rxb2 20. Qxa7
Qa8 21. Qxa8 Rxa8 22. O-O Ra2 23. Rc3 Nd5 24. Rb3 R2xa3 25. Rxa3 Rxa3 26. Rb1
f6 27. h4 g5 28. hxg5 hxg5 29. Nd2 Ra4 30. Rb8+ Kf7 31. Nb3 Nf4 32. g3 Nh3+ 33.
Kg2 g4 34. Nc5 Rxd4 35. Rb7+ Ke8 36. Rb6 Rc4 37. Nd3 Kf7 38. Rb4 Rxb4 39. Nxb4
Ng5 40. Kf1 e5 41. Nd5 Ke6 42. Ne3 f5 43. Ke2 Nf3 44. Kd3 Nd4 45. Ng2 Nb5 46.
Ne3 Nc7 47. Kc4 Ne8 48. Kc3 Nf6 49. Kd3 Nd5 50. Ng2 Kd6 51. Nh4 Ne7 52. Kc4 Kc6
53. Ng2 Nc8 54. Ne3 Nd6+ 55. Kc3 Kb5 56. Kd3 Kc5 57. Kc3 Ne4+ 58. Kd3 Nd6 59.
Kc3 Kc6 60. Kd3 Kd7 61. Ke2 Ke6 62. Kd3 Kf6 63. Nd5+ Kg6 64. Ke2 Ne8 65. Ne3
Nd6 66. Nd5 Kg5 67. Ke3 Ne8 68. f4+ gxf3 69. Kxf3 Ng7 70. Ne3 Ne6 71. Nc4 Kf6
72. Ne3 Ng5+ 73. Ke2 Ke6 74. Nc4 Kd5 75. Ne3+ Ke4 76. Nc4 Nf7 77. Nd2+ Kd4 78.
Nf3+ Kd5 79. Ke3 Nh6 80. Nh4 Ke6 81. Kf3 Kf6 82. Ke2 Nf7 83. Ng2 Nh6 84. Ne3
Ng4 85. Ng2 Ke6 86. Nh4 Nh6 87. Ke3 Ng8 88. Nf3 Ne7 89. Ng5+ Kd5 90. Nf3 Ng6
91. Ng5 Nf8 92. Nf3 Ke6 93. Ng5+ Kf6 94. Nf3 Nd7 95. Nd2 Kg5 96. Nc4 e4 97. Ke2
Nf8 98. Ke3 Nh7 99. Nd6 Nf6 100. Nf7+ Kg4 101. Nh6+ Kg5 102. Nf7+ Kh5 103. Kf4
Nd5+ 104. Kxf5 e3 105. Ne5 e2 106. Nf3 Ne3+ 107. Ke4 Ng2 108. Ne1 Nxe1 109. Ke3
Kg4 110. Kxe2 Nf3 1/2-1/2

[Event "1st FIDE GP London 2012"]
[Site "London ENG"]
[Date "2012.09.22"]
[Round "2"]
[White "Adams, Mi"]
[Black "Mamedyarov, S."]
[Result "1/2-1/2"]
[WhiteElo "2722"]
[BlackElo "2729"]
[PlyCount "97"]
[EventDate "2012.09.21"]

1. e4 c6 2. d4 d5 3. Nd2 dxe4 4. Nxe4 Bf5 5. Ng3 Bg6 6. h4 h6 7. Nf3 Nf6 8. Ne5
Bh7 9. Bd3 Nbd7 10. f4 e6 11. Bxh7 Nxh7 12. Be3 Be7 13. Qf3 Qa5+ 14. c3 Nhf6
15. h5 Qb5 16. O-O-O Nd5 17. Bd2 Nxe5 18. dxe5 O-O-O 19. b3 Nb6 20. Qe2 Rd3 21.
c4 Qa6 22. Qxd3 Qxa2 23. c5 Bxc5 24. b4 Nc4 25. Qb1 Qa3+ 26. Kc2 Qxg3 27. Qb3
Qxb3+ 28. Kxb3 Nxd2+ 29. Rxd2 Be3 30. Rd3 Bb6 31. Rg3 Rg8 32. Rd1 Bd8 33. b5
cxb5 34. Rc3+ Kb8 35. Rd7 Rf8 36. Rg3 Kc8 37. Rd1 Rg8 38. Rc3+ Kb8 39. Rd7 Rf8
40. Kb4 a6 41. Rg3 Kc8 42. Rd1 Rg8 43. Rc3+ Kb8 44. Rd7 Rf8 45. Rg3 Kc8 46. Rd1
Rg8 47. Rc3+ Kb8 48. Rd7 Rf8 49. Rg3 1/2-1/2

[Event "1st FIDE GP London 2012"]
[Site "London ENG"]
[Date "2012.09.22"]
[Round "2"]
[White "Grischuk, A."]
[Black "Dominguez Perez, L."]
[Result "1/2-1/2"]
[WhiteElo "2754"]
[BlackElo "2725"]
[PlyCount "148"]
[EventDate "2012.09.21"]

1. c4 c5 2. Nf3 Nc6 3. Nc3 g6 4. e3 Nf6 5. d4 cxd4 6. exd4 d5 7. cxd5 Nxd5 8.
Bc4 Nb6 9. Bb3 Bg7 10. O-O O-O 11. d5 Na5 12. h3 Nxb3 13. axb3 Bxc3 14. bxc3
Qxd5 15. Qe2 Qe6 16. Qb2 f6 17. c4 Qf7 18. Be3 Bd7 19. Ra5 Nc8 20. Rc5 Nd6 21.
Rc7 Bc6 22. Bc5 Rad8 23. Nd4 Rd7 24. Rxd7 Bxd7 25. Qa3 a6 26. Bxd6 exd6 27.
Qxd6 Re8 28. Rd1 Kg7 29. Nc2 Bc6 30. Nb4 Re6 31. Qd8 Re8 32. Qd4 Be4 33. Nd5
Bxd5 34. cxd5 Rd8 35. d6 Qe6 36. d7 Kf7 37. b4 Kg7 38. h4 h5 39. Qd2 Kh7 40. g3
Kg7 41. Kh2 Kh7 42. Qd4 Kg7 43. Rd2 Kh7 44. f3 Kg7 45. Kg2 Kf7 46. Kf2 b6 47.
Qd3 Kg7 48. Qd4 a5 49. bxa5 bxa5 50. Qa4 Qh3 51. Rd6 Qh2+ 52. Ke3 Qg1+ 53. Ke4
Qc5 54. Qd4 Qf5+ 55. Ke3 a4 56. g4 hxg4 57. fxg4 Qe5+ 58. Qxe5 fxe5 59. Ke4 a3
60. Kxe5 a2 61. Rd1 a1=Q+ 62. Rxa1 Rxd7 63. Ra6 Re7+ 64. Kd5 Re1 65. Ra7+ Kf6
66. Ra6+ Kf7 67. Ra4 Rh1 68. Ke5 Rxh4 69. Ra7+ Kg8 70. Kf4 Rh1 71. Kg5 Rg1 72.
Ra6 Kh7 73. Rxg6 Rxg4+ 74. Kxg4 Kxg6 1/2-1/2

[Event "1st FIDE GP London 2012"]
[Site "London ENG"]
[Date "2012.09.23"]
[Round "3"]
[White "Topalov, V."]
[Black "Kasimdzhanov, R."]
[Result "1/2-1/2"]
[WhiteElo "2752"]
[BlackElo "2684"]
[PlyCount "73"]
[EventDate "2012.09.21"]

1. Nf3 d5 2. d4 Nf6 3. c4 c6 4. Nc3 e6 5. e3 Nbd7 6. Bd3 dxc4 7. Bxc4 b5 8. Bd3
Bb7 9. a3 Bd6 10. O-O O-O 11. Qc2 Rc8 12. b4 c5 13. bxc5 Bxf3 14. gxf3 Nxc5 15.
dxc5 Rxc5 16. f4 Nd5 17. Bb2 Nxc3 18. Bxc3 Qc7 19. Rfc1 Rc8 20. Bxh7+ Kh8 21.
Bd3 Rxc3 22. Qxc3 Qxc3 23. Rxc3 Rxc3 24. Bxb5 Bxa3 25. Kg2 g6 26. Rd1 Rc7 27.
Rd7 Rxd7 28. Bxd7 Kg7 29. e4 Kf6 30. Kf3 a5 31. e5+ Ke7 32. Ba4 Bc5 33. h3 Bb6
34. Bb5 Bc5 35. Ba4 Bb6 36. Bb5 Bc5 37. Ba4 1/2-1/2

[Event "1st FIDE GP London 2012"]
[Site "London ENG"]
[Date "2012.09.23"]
[Round "3"]
[White "Dominguez Perez, L."]
[Black "Gelfand, B."]
[Result "1/2-1/2"]
[WhiteElo "2725"]
[BlackElo "2738"]
[PlyCount "72"]
[EventDate "2012.09.21"]

1. e4 c5 2. Nf3 Nc6 3. d4 cxd4 4. Nxd4 Nf6 5. Nc3 e5 6. Ndb5 d6 7. Bg5 a6 8.
Na3 b5 9. Nd5 Be7 10. Bxf6 Bxf6 11. c3 Rb8 12. Nc2 Bg5 13. Be2 O-O 14. O-O a5
15. Qd3 Be6 16. Rfd1 b4 17. cxb4 axb4 18. b3 Kh8 19. Qa6 Qc8 20. Qxc8 Rfxc8 21.
Ba6 Rd8 22. Nc7 Bg4 23. f3 Rd7 24. fxg4 Rxc7 25. Rxd6 Nd4 26. Nxd4 Be3+ 27. Kh1
Bxd4 28. Rf1 f6 29. Bc4 Ra7 30. Ra6 Rxa6 31. Bxa6 Ra8 32. Rc1 Bc3 33. Rd1 Bd4
34. Rc1 Bc3 35. Rd1 Bd4 36. Rc1 Bc3 1/2-1/2

[Event "1st FIDE GP London 2012"]
[Site "London ENG"]
[Date "2012.09.23"]
[Round "3"]
[White "Ivanchuk, V."]
[Black "Adams, Mi"]
[Result "1/2-1/2"]
[WhiteElo "2769"]
[BlackElo "2722"]
[PlyCount "62"]
[EventDate "2012.09.21"]

1. d4 Nf6 2. c4 e6 3. Nc3 Bb4 4. e3 O-O 5. Bd3 d5 6. Nf3 c5 7. O-O Nc6 8. cxd5
exd5 9. dxc5 Bxc5 10. b3 Bg4 11. Bb2 Qe7 12. h3 Bxf3 13. Qxf3 d4 14. Na4 Ne5
15. Qe2 Nxd3 16. Qxd3 dxe3 17. Nxc5 Qxc5 18. Bxf6 gxf6 19. Rac1 exf2+ 20. Kh1
Qe5 21. Qf3 Rae8 22. Rxf2 Re7 23. Qxf6 Qxf6 24. Rxf6 Rd8 25. Rc2 Kg7 26. Rf3
Rd6 27. Kh2 h6 28. Rg3+ Kh7 29. Rf3 Kg7 30. Rg3+ Kh7 31. Rf3 Kg7 1/2-1/2

[Event "1st FIDE GP London 2012"]
[Site "London ENG"]
[Date "2012.09.23"]
[Round "3"]
[White "Mamedyarov, S."]
[Black "Giri, A."]
[Result "1-0"]
[WhiteElo "2729"]
[BlackElo "2730"]
[PlyCount "41"]
[EventDate "2012.09.21"]

1. d4 d5 2. c4 c6 3. Nf3 Nf6 4. Qb3 e6 5. Bg5 h6 6. Bh4 dxc4 7. Qxc4 b5 8. Qc2
Bb7 9. Nbd2 Nbd7 10. e4 Rc8 11. Be2 a6 12. O-O c5 13. d5 exd5 14. e5 g5 15. Bg3
Ne4 16. Nxe4 dxe4 17. Nd2 h5 18. Nxe4 Rh6 19. Rad1 Be7 20. Bxh5 Rxh5 21. e6 1-0

[Event "1st FIDE GP London 2012"]
[Site "London ENG"]
[Date "2012.09.24"]
[Round "4"]
[White "Nakamura, Hi"]
[Black "Topalov, V."]
[Result "1/2-1/2"]
[WhiteElo "2783"]
[BlackElo "2752"]
[PlyCount "103"]
[EventDate "2012.09.21"]

1. e4 c5 2. c3 e6 3. Nf3 d5 4. exd5 exd5 5. d4 Nc6 6. Bb5 Bd6 7. Be3 c4 8. b3
cxb3 9. axb3 Nge7 10. O-O O-O 11. Re1 a6 12. Nbd2 Bf5 13. Bf1 Rc8 14. Nh4 Be6
15. Bd3 Ng6 16. Nxg6 fxg6 17. Nf1 Qf6 18. f3 Bf5 19. Bf2 Ne7 20. Rc1 Bxd3 21.
Qxd3 Nf5 22. c4 Bf4 23. Rc2 Qf7 24. c5 Ne7 25. b4 Nc6 26. Qb3 Rfe8 27. Rd1 Re7
28. b5 axb5 29. Qxb5 Rce8 30. Ra2 h5 31. Rda1 Kh7 32. Ra8 Rxa8 33. Rxa8 Bg5 34.
Ra2 Qf4 35. Rd2 Bf6 36. Qd3 Qf5 37. Qxf5 gxf5 38. Ng3 g6 39. Ne2 h4 40. Nc3 Rd7
41. Na4 g5 42. Nb6 Rd8 43. h3 Kg6 44. Kf1 g4 45. fxg4 fxg4 46. hxg4 Kg5 47. Rd3
Kxg4 48. Kg1 Ne7 49. Ra3 Nc6 50. Rd3 Ne7 51. Ra3 Nc6 52. Rd3 1/2-1/2

[Event "1st FIDE GP London 2012"]
[Site "London ENG"]
[Date "2012.09.24"]
[Round "4"]
[White "Giri, A."]
[Black "Ivanchuk, V."]
[Result "1/2-1/2"]
[WhiteElo "2730"]
[BlackElo "2769"]
[PlyCount "65"]
[EventDate "2012.09.21"]

1. d4 Nf6 2. Nf3 g6 3. c4 Bg7 4. Nc3 d5 5. Qb3 dxc4 6. Qxc4 O-O 7. e4 Na6 8.
Be2 c5 9. d5 e6 10. O-O exd5 11. exd5 Re8 12. Bf4 Bf5 13. Rad1 Ne4 14. Nb5 Qf6
15. Bd3 Bd7 16. Be5 Bxb5 17. Qxb5 Rxe5 18. Qxb7 Ree8 19. Bxa6 Rab8 20. Qc6 Qxb2
21. Bd3 Nc3 22. Rde1 Rec8 23. Qa6 Nxd5 24. Rb1 Qf6 25. Qxa7 Ra8 26. Qb7 Nc3 27.
Rb3 Qd8 28. Bc4 Rc7 29. Qb6 Na4 30. Qb5 Nc3 31. Qb6 Na4 32. Qb5 Nc3 33. Qb6
1/2-1/2

[Event "1st FIDE GP London 2012"]
[Site "London ENG"]
[Date "2012.09.24"]
[Round "4"]
[White "Grischuk, A."]
[Black "Mamedyarov, S."]
[Result "1-0"]
[WhiteElo "2754"]
[BlackElo "2729"]
[PlyCount "91"]
[EventDate "2012.09.21"]

1. e4 e5 2. Nf3 Nc6 3. Bb5 a6 4. Ba4 Nf6 5. O-O Be7 6. d3 d6 7. c3 O-O 8. Nbd2
Re8 9. Re1 Bf8 10. d4 b5 11. Bc2 exd4 12. cxd4 Bg4 13. h3 Bh5 14. g4 Bg6 15. a3
h5 16. g5 Nh7 17. Nf1 Qd7 18. Kg2 d5 19. e5 Bxc2 20. Qxc2 g6 21. Be3 Nd8 22.
Rac1 Rc8 23. Ng3 c6 24. Nh4 Ne6 25. Nxg6 fxg6 26. Qxg6+ Ng7 27. Qh6 Nf5 28.
Qxh5 Nxg3 29. Kxg3 Bg7 30. Qg4 Nf8 31. f4 c5 32. Qxd7 Nxd7 33. dxc5 Nxe5 34.
fxe5 Bxe5+ 35. Bf4 Bxb2 36. Rxe8+ Rxe8 37. Rc2 Bxa3 38. c6 b4 39. c7 Rc8 40.
Rc6 b3 41. Rxa6 Bc5 42. Ra5 Bb6 43. Rxd5 Bxc7 44. Bxc7 Rxc7 45. Rb5 Kg7 46. Kg4
1-0

[Event "1st FIDE GP London 2012"]
[Site "London ENG"]
[Date "2012.09.24"]
[Round "4"]
[White "Kasimdzhanov, R."]
[Black "Dominguez Perez, L."]
[Result "1/2-1/2"]
[WhiteElo "2684"]
[BlackElo "2725"]
[PlyCount "117"]
[EventDate "2012.09.21"]

1. e4 e5 2. Nf3 Nc6 3. Bb5 Nf6 4. O-O Nxe4 5. Re1 Nd6 6. Nxe5 Be7 7. Bf1 Nxe5
8. Rxe5 O-O 9. d4 Bf6 10. Re1 Nf5 11. d5 d6 12. Nd2 Bg5 13. g3 Re8 14. Ne4 Bxc1
15. Rxc1 Bd7 16. Qd2 Ne7 17. c4 Ng6 18. f4 b6 19. Re3 Nf8 20. Rce1 h6 21. Bd3
Nh7 22. Qc3 Nf6 23. Nxf6+ Qxf6 24. Qxf6 gxf6 25. Rxe8+ Rxe8 26. Rxe8+ Bxe8 27.
Bf5 c6 28. dxc6 Bxc6 29. Bg4 a5 30. Kf2 Kf8 31. Ke3 Ke7 32. Kd4 Bg2 33. Bf5 Bf3
34. Be4 Bg4 35. Kc3 Bc8 36. Bc6 f5 37. b4 axb4+ 38. Kxb4 Kd8 39. Bd5 f6 40. Kc3
Ke7 41. Kd4 Kd8 42. Bg8 Ke7 43. Bd5 Kd8 44. Ba8 Be6 45. Bc6 Ke7 46. Kc3 Kd8 47.
Kb4 Bc8 48. Kb5 Kc7 49. Be8 Be6 50. Kb4 Kd8 51. Bc6 Bc8 52. Kc3 Be6 53. Kd4 Ke7
54. a3 Kd8 55. Bd5 Bc8 56. Bf3 Be6 57. Bd5 Bc8 58. Bf3 Be6 59. Bd5 1/2-1/2

[Event "1st FIDE GP London 2012"]
[Site "London ENG"]
[Date "2012.09.24"]
[Round "4"]
[White "Leko, P."]
[Black "Adams, Mi"]
[Result "1/2-1/2"]
[WhiteElo "2737"]
[BlackElo "2722"]
[PlyCount "93"]
[EventDate "2012.09.21"]

1. e4 e5 2. Nf3 Nc6 3. Bb5 a6 4. Ba4 Nf6 5. O-O Be7 6. d3 b5 7. Bb3 d6 8. a4 b4
9. a5 O-O 10. Nbd2 Be6 11. Nc4 h6 12. c3 Rb8 13. Re1 bxc3 14. bxc3 Qc8 15. Ba4
Bxc4 16. Bxc6 Bb5 17. Bxb5 Rxb5 18. c4 Rb7 19. d4 c5 20. d5 Nh7 21. Qc2 Qd7 22.
Bd2 Ng5 23. Nxg5 Bxg5 24. Bc3 h5 25. Ra3 Rfb8 26. h3 g6 27. Kf1 f5 28. Ba1 Kh7
29. Rf3 f4 30. Ra3 Bd8 31. Ke2 g5 32. f3 Kg6 33. Bc3 g4 34. hxg4 hxg4 35. Rh1
g3 36. Kd3 Bf6 37. Raa1 Rh8 38. Rxh8 Bxh8 39. Rb1 Rxb1 40. Qxb1 Qa4 41. Qc2
Qxc2+ 42. Kxc2 Bf6 43. Kd3 Bh8 44. Kc2 Bf6 45. Kd3 Bh8 46. Kc2 Bf6 47. Kd3
1/2-1/2

[Event "1st FIDE GP London 2012"]
[Site "London ENG"]
[Date "2012.09.25"]
[Round "5"]
[White "Adams, Mi"]
[Black "Giri, A."]
[Result "1/2-1/2"]
[WhiteElo "2722"]
[BlackElo "2730"]
[PlyCount "67"]
[EventDate "2012.09.21"]

1. e4 e5 2. Nf3 Nf6 3. Nxe5 d6 4. Nf3 Nxe4 5. Nc3 Nxc3 6. dxc3 Nc6 7. Be3 Be7
8. Bd3 Be6 9. Qe2 Qd7 10. O-O-O O-O 11. Kb1 Rae8 12. h3 Bd8 13. Rhe1 Bf5 14.
Bxf5 Qxf5 15. g4 Qc8 16. Qc4 a6 17. Nd4 Nxd4 18. cxd4 c6 19. Bf4 d5 20. Qb4 Bh4
21. Qd2 Rxe1 22. Rxe1 Re8 23. Re3 Rxe3 24. Qxe3 Qe6 25. Qxe6 fxe6 26. f3 Kf7
27. c3 Be7 28. Kc2 Ke8 29. Kd3 Kf7 30. Ke2 Ke8 31. Kd3 Kf7 32. Ke2 Ke8 33. Kd3
Kf7 34. Ke2 1/2-1/2

[Event "1st FIDE GP London 2012"]
[Site "London ENG"]
[Date "2012.09.25"]
[Round "5"]
[White "Ivanchuk, V."]
[Black "Grischuk, A."]
[Result "1/2-1/2"]
[WhiteElo "2769"]
[BlackElo "2754"]
[PlyCount "52"]
[EventDate "2012.09.21"]

1. d4 Nf6 2. c4 g6 3. Nc3 d5 4. cxd5 Nxd5 5. e4 Nxc3 6. bxc3 Bg7 7. Bc4 c5 8.
Ne2 Nc6 9. Be3 O-O 10. O-O b6 11. h4 e6 12. h5 Qh4 13. hxg6 hxg6 14. f3 cxd4
15. cxd4 Rd8 16. Qd2 Bb7 17. Rad1 Rac8 18. d5 Na5 19. Bb5 exd5 20. Bg5 Qh8 21.
Kf2 Bf6 22. Rh1 Qg7 23. Bh6 Qh8 24. Bg5 Qg7 25. Bh6 Qh8 26. Bg5 Qg7 1/2-1/2

[Event "1st FIDE GP London 2012"]
[Site "London ENG"]
[Date "2012.09.25"]
[Round "5"]
[White "Topalov, V."]
[Black "Leko, P."]
[Result "1/2-1/2"]
[WhiteElo "2752"]
[BlackElo "2737"]
[PlyCount "112"]
[EventDate "2012.09.21"]

1. d4 Nf6 2. c4 e6 3. Nf3 b6 4. g3 Ba6 5. b3 Bb4+ 6. Bd2 Be7 7. Bg2 c6 8. O-O
d5 9. Qc2 Nbd7 10. Rd1 O-O 11. Bf4 Rc8 12. Nc3 Nh5 13. Bc1 Nhf6 14. Bb2 Qc7 15.
e4 dxc4 16. Nd2 e5 17. Nxc4 exd4 18. Rxd4 Rfd8 19. Ne2 Bc5 20. h3 Bxc4 21. Qxc4
Ne5 22. Qc3 Bxd4 23. Nxd4 c5 24. Nf5 Nc6 25. Nxg7 Nd4 26. Qe3 Nxe4 27. Bxe4
Kxg7 28. Qg5+ Kh8 29. Bf5 Rb8 30. Re1 Re8 31. Rc1 Qe7 32. Qh5 f6 33. Bxd4 cxd4
34. Rc6 Rf8 35. Re6 Qg7 36. Re4 Qf7 37. Qf3 Qb7 38. Qe2 Rf7 39. Rxd4 Re7 40.
Qf1 Rbe8 41. Qg2 Re1+ 42. Kh2 Qxg2+ 43. Kxg2 R8e7 44. a4 R1e5 45. Bd3 Kg7 46.
Kf3 Rh5 47. Kg4 Rg5+ 48. Kh4 Rc5 49. Bc4 Kh6 50. g4 Rce5 51. Rd8 Re8 52. Rd7
R8e7 53. Rd8 Re8 54. Rd7 R8e7 55. Rd8 Re8 56. Rd7 R8e7 1/2-1/2